Statistiques concernant Préjugés sur les Japonais

Cliquez ici pour prendre le quiz!

Statistiques générales

  • Ce quiz a été pris 640 fois
  • Le résultat moyen est 9 sur 10

Statistiques - réponses

IndicesRéponses% Correct
Même sans coronavirus, les Japonais porteraient tous constamment des ...Masques
96%
Les Japonais ne se nourriraient qu'exclusivement de...Sushis
93%
Le Japon serait à la pointe de la...Technologie
92%
Les Japonais auraient tous de bonnes manières et seraient très...Polis
91%
Les Japonais parleraient tous très mal...Anglais
90%
N'aimant pas les étrangers, les Japonais seraient tous...Racistes
87%
Les Japonais auraient tous le sens du devoir et resteraient longtemps au...Travail
85%
Les rues au Japon seraient toutes très...Propres
82%
Avec tant de stress, le Japon connaîtrait beaucoup de...Suicides
78%
Le sport préféré de tous les Japonais serait le...Sumo
72%

Distribution des résultats

Percentile par nombre de réponses

% des personnes avec chaque résultat

Votre développement - résultats

Vous n’avez pas pris ce quiz